MARC

LEADER 00000nam0a2200000 4500
001 146326
005 20231101221221.0
010 |a 5853581139 
020 |a RU  |b 92-20883 
035 |a (RuTPU)RU\TPU\book\158621 
090 |a 146326 
100 |a 20081029d1992 k a0rusy5003 ca 
101 0 |a rus 
102 |a RU 
105 |a f z 001zy 
200 1 |a Аэрокосмогеологические исследования в комплексном решении нефтегеологических задач (опыт, эффективность, проблемы)  |e сборник научных трудов  |f Академия наук СССР (АН СССР), Институт геологии и разработки горючих ископаемых ; отв. ред. В. М. Перерва 
210 |a Москва  |c КО ИГИРГИ  |d 1992 
215 |a 154 с.  |c ил. 
320 |a Библиография в конце статей 
606 |a Нефтегазоносность  |x Поиски и разведка  |x Геоморфологический метод  |2 stltpush  |3 (RuTPU)RU\TPU\subj\45613  |9 64806 
606 |a Геологические исследования с космических летательных аппаратов  |2 stltpush  |3 (RuTPU)RU\TPU\subj\6049  |9 34013 
610 1 |a нефтяные месторождения 
610 1 |a поиски 
610 1 |a разведка 
610 1 |a опыт 
610 1 |a эффективность 
610 1 |a проблемы 
610 1 |a летательные аппараты 
675 |a 553.98:550.81  |v 3 
675 |a 550.814:629.78  |v 3 
702 1 |a Перерва  |b В. М.  |g Владимир Михайлович  |4 340 
712 0 2 |a Академия наук СССР (АН СССР)  |b Институт геологии и разработки горючих ископаемых  |2 stltpush  |3 (RuTPU)RU\TPU\col\13483 
801 0 |a RU  |b RuMRKP  |c 19960705  |g psbo 
801 1 |a RU  |b 63413507  |c 20081029  |g PSBO 
801 2 |a RU  |b 63413507  |c 20180306  |g PSBO 
942 |c BK